Cold response of Hevea brasiliensis clones under controlled environmental conditions (Record no. 55834)

MARC details
000 -LEADER
fixed length control field 00568nam a2200205Ia 4500
100 ## - MAIN ENTRY--AUTHOR NAME
Personal name Sarkar Jayanta
245 #0 - TITLE STATEMENT
Title Cold response of Hevea brasiliensis clones under controlled environmental conditions
260 ## - PUBLICATION, DISTRIBUTION, ETC. (IMPRINT)
Name of publisher Rubber Science
Year of publication Dec-13
300 ## - PHYSICAL DESCRIPTION
Number of Pages 228-237
650 ## - SUBJECT ADDED ENTRY--TOPICAL TERM
Topical Term Chlorophyll fluorescence
650 ## - SUBJECT ADDED ENTRY--TOPICAL TERM
Topical Term Cold stress
650 ## - SUBJECT ADDED ENTRY--TOPICAL TERM
Topical Term Lipid peroxidation
650 ## - SUBJECT ADDED ENTRY--TOPICAL TERM
Topical Term PS II
650 ## - SUBJECT ADDED ENTRY--TOPICAL TERM
Topical Term Stree proteins
700 ## - ADDED ENTRY--PERSONAL NAME
Personal name Annamalainathan K
700 ## - ADDED ENTRY--PERSONAL NAME
Personal name Krishnakumar R
700 ## - ADDED ENTRY--PERSONAL NAME
Personal name Remya B
942 ## - ADDED ENTRY ELEMENTS (KOHA)
Koha item type Journals
Holdings
Withdrawn status Lost status Damaged status Not for loan Home library Current library Date acquired Serial Enumeration / chronology Koha item type
      Journals RRII Library RRII Library 19/02/2014 Volume 26, Issue 2 Journals